000 01019nam a2200421 a 4500
003 AR-BaBNM
005 20251128203724.0
008 082120s2002 ||||||||||||||000 | spa||
040 _cAR-BaBNM
100 1 _aGrenier, Abel
245 0 0 _aHistoria de la literatura francesa
260 _aBuenos Aires
_bSophos
_c1946
300 _a731 p.
490 0 _aEnseƱanza
650 4 _aLITERATURA FRANCESA
650 4 _aCRITICA LITERARIA
650 4 _aHISTORIA LITERARIA
650 4 _aESCRITORES
650 4 _aEDAD MEDIA
650 4 _aFILOLOGIA
650 4 _aCANTARES DE GESTA
650 4 _aRENACIMIENTO
650 4 _aTEOLOGIA
650 4 _aFILOSOFIA
650 4 _aCLASICISMO
650 4 _aRACIONALISMO
650 4 _aROMANTICISMO
650 4 _aREALISMO
653 _aEPICA
653 _aESCOLASTICA
653 _aREVOLUCION FRANCESA
653 _aCOSTUMBRISMO
653 _aNATURALISMO
655 _aLITERATURA
700 1 _aMachado, Manuel
_etraductor
942 _cBK
998 _cMARTIN
999 _c4645
_d4645